000 00679nam a2200265Ia 4500
005 20260121165629.0
008 008 260114s9999 xx 000 0 eng d
020 _a9783319435060
037 _aEBOOK
040 _aCRL
040 _beng
040 _cCRL
041 _2eng
041 _aeng
084 _qCRL
100 _aNaoyuki Kubota, Kazuo Kiguchi, Honghai Liu, Takenori Obo
_91054096
245 0 _aIntelligent Robotics and Applications
260 _bSpringer
260 _bSpringer
260 _c2016
856 _uhttps://link.springer.com/openurl?genre=book&isbn=978-3-319-43506-0
942 _cEBOOK
999 _c1619822
_d1619822